000 00327nam a2200121Ia 4500
008 220204s9999 xx 000 0 und d
082 _a667.638
_bPAR
245 0 _aOrganic coatings: Science and technology
260 _aNew York
_bMarcel Dekker
_c1983
700 _aParfitt, Geofrey D
700 _aPatsis, Angelos
942 _cBK
999 _c39010
_d39010